000 00356nam a2200157Ia 4500
003 Ost
005 20260225132538.0
008 260225s9999||||xx |||||||||||||| ||und||
040 _cfsic
041 _afre
082 _a324.7
100 _aJaques gerstle
_eAuteur
245 0 _aLa communication politique /
245 0 _cJaques gerstle
942 _cكتاب
999 _c33329
_d33329